| 000 | 01076nam a2200229Ia 4500 | ||
|---|---|---|---|
| 999 |
_c43712 _d43712 |
||
| 001 | 10453 | ||
| 003 | GE_BSU | ||
| 005 | 20221219135155.0 | ||
| 008 | 181216s1984ge xx |||||||||||||| ||geo|| | ||
| 040 | _cGE_BSU | ||
| 041 | _ageo | ||
| 080 | _a821.353.1–3+030=353.1+27–36(479.22) ქ-27 | ||
| 245 |
_aქართული პროზა: წ.6. _bკალმასობა :მგზავრობა _cშემდგ: გ.გვერდწითელი, ნ.ებრალიძე, რ.თვარაძე |
||
| 264 |
_aთბილისი : _bსაბჭოთა საქართველო, _c1984. |
||
| 300 |
_a783 გვ; _b20 სმ. |
||
| 653 | _aქართული პროზა: წ.6 | ||
| 653 | _aკალმასობა მგზავრობა | ||
| 700 |
_aგვერდწითელი, გ _eშემდგენელი _916484 |
||
| 700 |
_aებრალიძე, ნ _eშემდგენელი _916465 |
||
| 700 |
_aთვარაძე, რ _eშემდგენელი _914595 |
||
| 942 |
_cBK _2udc |
||